Housing (Scotland) Bill (Record no. 110493)

MARC details
000 -LEADER
fixed length control field 01445cad a22002535a 4500
001 - CONTROL NUMBER
control field E149416
008 - FIXED-LENGTH DATA ELEMENTS--GENERAL INFORMATION
fixed length control field 100304e20100303xxkb f s000 0 eng d
035 ## - SYSTEM CONTROL NUMBER
System control number (Sirsi) u149416
041 0# - LANGUAGE CODE
Language code of text/sound track or separate title eng
050 04 - LIBRARY OF CONGRESS CALL NUMBER
Classification number 306.1 $2 18
100 1# - MAIN ENTRY--PERSONAL NAME
Personal name Burgess, Lizzy
245 00 - TITLE STATEMENT
Title Housing (Scotland) Bill
Medium [electronic resource]
260 ## - PUBLICATION, DISTRIBUTION, ETC.
Place of publication, distribution, etc. Edinburgh
Name of publisher, distributor, etc. Scottish Parliament
Date of publication, distribution, etc. 2010
490 #0 - SERIES STATEMENT
Series statement SPICe Briefing
Volume/sequential designation (10/19) 3 March 2010
505 2# - FORMATTED CONTENTS NOTE
Formatted contents note Executive summary -- Background -- Social rented housing -- Regulation -- Right to buy -- Private sector housing -- Scheme of assistance -- Miscellaneous -- Supplementary and final provisions -- Costs -- Sources -- Related briefings
520 ## - SUMMARY, ETC.
Summary, etc. Gives an introduction to the Housing (Scotland) Bill which was introduced to Parliament on 13 January 2010 and which seeks to update social housing regulation, make changes to the right to buy system, change legislation relating to private sector housing, give protection to unauthorised tenants, and alter the definition of "local connection". For the Bill itself, see E149126.
521 ## - TARGET AUDIENCE NOTE
Target audience note Advanced
590 ## - LOCAL NOTE (RLIN)
Local note KA
650 24 - SUBJECT ADDED ENTRY--TOPICAL TERM
Topical term or geographic name entry element HOUSING (SCOTLAND) BILL
651 #4 - SUBJECT ADDED ENTRY--GEOGRAPHIC NAME
Geographic name Scotland
Chronological subdivision 1999-
690 ## - LOCAL SUBJECT ADDED ENTRY--TOPICAL TERM (OCLC, RLIN)
Topical term or geographic name as entry element PROPERTY-RESIDENTIAL PROPERTY-DOMESTIC RESIDENTIAL PROPERTY-HOUSING
856 40 - ELECTRONIC LOCATION AND ACCESS
Uniform Resource Identifier <a href="https://www.scottish.parliament.uk/business/research/briefings-10/SB10-19.pdf">https://www.scottish.parliament.uk/business/research/briefings-10/SB10-19.pdf</a>
Public note View the briefing free of charge (PDF file) at www.scottish.parliament.uk...
942 ## - ADDED ENTRY ELEMENTS (KOHA)
Suppress in OPAC 0
Holdings
Withdrawn status Lost status Source of classification or shelving scheme Damaged status Not for loan Home library Current library Shelving location Date acquired Total Checkouts Full call number Barcode Date last seen Copy number Price effective from Koha item type
    Dewey Decimal Classification     Virtual Virtual Online 04/03/2010   ONLINE PUBLICATION 149416-2001 06/08/2019 1 06/08/2019 Book